[Event "4NCL Online Div 6 Playoff"]
[Site "online"]
[Date "2021.05.04"]
[EventDate "2021.05.04"]
[Round "8.24"]
[White "Matthews, Adrian M S"]
[WhiteElo "1883"]
[WhiteTeam "MK Phoenix 3"]
[Black "Steiners, Emils"]
[BlackElo "1613"]
[BlackTeam "Battersea Juniors"]
[Result "1/2-1/2"]
[PlyCount "108"]

1. e4 e6 2. d4 d5 3. e5 c5 4. c3 Nc6 5. Nf3 Qb6 6. Bd3 cxd4 7. cxd4 Bd7 8. O-O Nxd4 9. Nxd4 Qxd4 10. Qe2 Ne7 11. Nc3 Nc6 12. Re1 a6 13. Be3 Qxe5 14. f4 Qc7 15. Nxd5 Qb8 16. Nb6 Bd6 17. Rad1 Bc8 18. Bb1 Bc7 19. Nxa8 Qxa8 20. f5 Bd8 21. Bc5 b6 22. Bd6 Ne7 23. Qg4 h5 24. Qh3 Qa7 25. fxe6 Bxe6 26. Rxe6 fxe6 27. Qxe6 b5+ 28. Kh1 Rh6 29. Qe5 Kf8 30. Rf1+ Ke8 31. Be4 Qd7 32. Bxe7 Bxe7 33. Qxg7 Rf6 34. Bf3 Qd3 35. Bxh5+ Kd7 36. Qg4+ Kd8 37. Rxf6 Bxf6 38. Qd1 Qxd1+ 39. Bxd1 Bxb2 40. g4 a5 41. Kg2 Ke7 42. Kf3 Kf6 43. h4 Bc3 44. Kf4 Be5+ 45. Ke4 Bg3 46. h5 Kg5 47. Kd5 b4 48. Kc4 Bc7 49. Kd5 Bd8 50. Kc4 Bc7 51. Kb5 Bd8 52. Kc6 Kh6 53. Kb5 Kg5 54. Kc4 Bc7 1/2-1/2

[Event "4NCL Online Div 6 Playoff"]
[Site "online"]
[Date "2021.05.18"]
[EventDate "2021.05.18"]
[Round "9.11"]
[White "Habershon, Paul F"]
[WhiteElo "1948"]
[WhiteTeam "MK Phoenix 3"]
[Black "Gardiner, Harry"]
[BlackElo "1651"]
[BlackTeam "Crewe BOL"]
[Result "0-1"]
[PlyCount "52"]

1. e4 c5 2. Nc3 Nc6 3. f4 g6 4. Nf3 Bg7 5. Bc4 e6 6. f5 Nge7 7. fxe6 fxe6 8. d3 d5 9. Bb3 b5 10. a3 c4 11. Ba2 Ba6 12. O-O Qd6 13. Bg5 Ne5 14. Nxe5 Bxe5 15. h3 Bd4+ 16. Kh1 Nc6 17. exd5 Bxc3 18. bxc3 Qxd5 19. Qd2 Ne5 20. Qf4 Bb7 21. Rf2 h6 22. Bxh6 O-O-O 23. Kh2 Rh7 24. Re2 Nf7 25. dxc4 Qh5 26. cxb5 Qxe2 0-1

[Event "4NCL Online Div 6 Playoff"]
[Site "online"]
[Date "2021.05.18"]
[EventDate "2021.05.18"]
[Round "9.12"]
[White "Michalek, Lukasz"]
[WhiteElo "1599"]
[WhiteTeam "Crewe BOL"]
[Black "Valentine, Brian J"]
[BlackElo "1922"]
[BlackTeam "MK Phoenix 3"]
[Result "0-1"]
[PlyCount "63"]

1. e4 e5 2. Nf3 Nc6 3. Nc3 Nf6 4. d4 exd4 5. Nxd4 Bb4 6. f3 O-O 7. Be3 d5 8. Nxc6 bxc6 9. e5 Re8 10. f4 Ne4 11. Qd3 Bf5 12. Bd2 Nf2 13. Qxf5 Nxh1 14. g3 Bc5 15. Na4 Qe7 16. O-O-O Nf2 17. Re1 Ne4 18. Bd3 g6 19. Qg4 Nxd2 20. Kxd2 Bb6 21. c3 d4 22. f5 dxc3+ 23. Nxc3 Rad8 24. Kc2 Rd4 25. Qh3 Red8 26. f6 Qf8 27. e6 fxe6 28. Qxe6+ Qf7 29. Qxc6 Rxd3 30. Re7 Rd2+ 31. Kb1 R2d6 32. h4 0-1

[Event "4NCL Online Div 6 Playoff"]
[Site "online"]
[Date "2021.05.18"]
[EventDate "2021.05.18"]
[Round "9.13"]
[White "Whiteside, Robert"]
[WhiteElo "1876"]
[WhiteTeam "MK Phoenix 3"]
[Black "Price, David P"]
[BlackElo "1555"]
[BlackTeam "Crewe BOL"]
[Result "1-0"]
[PlyCount "151"]

1. e4 c6 2. d4 d5 3. exd5 cxd5 4. c4 Nf6 5. Nc3 e6 6. Nf3 Nbd7 7. c5 Be7 8. Bf4 Ne4 9. Bd3 Nxc3 10. bxc3 Nf6 11. O-O Nh5 12. Be5 f6 13. Ng5 g6 14. Nxh7 Rg8 15. Qc2 f5 16. g4 Nf6 17. Nxf6+ Bxf6 18. Bd6 Bd7 19. f4 Kf7 20. g5 Bg7 21. Rab1 Bc6 22. Rfe1 Qd7 23. Be5 Bxe5 24. Rxe5 Rh8 25. Rbe1 Rae8 26. R1e2 Re7 27. Qc1 a6 28. R2e3 Qe8 29. Qe1 Qd7 30. h4 Qe8 31. Rh3 Rh7 32. Qg3 Qh8 33. Be2 Ke8 34. Re3 Kd7 35. h5 gxh5 36. Rh4 Kc7 37. Qe1 Kb8 38. Qb1 Qg7 39. Bxa6 Qf8 40. Reh3 Qe8 41. Be2 Reg7 42. Rxh5 Qe7 43. Qf1 Rxh5 44. Rxh5 e5 45. Qf2 exd4 46. cxd4 Qe4 47. Rh8+ Kc7 48. Bf1 Qe6 49. Qe2 Qxe2 50. Bxe2 Re7 51. Kf2 Re4 52. Kf3 Rxd4 53. g6 Ra4 54. g7 d4+ 55. Kg3 Bd5 56. g8=Q Bxg8 57. Rxg8 Ra3+ 58. Kh4 d3 59. Bd1 Rxa2 60. Rf8 Ra1 61. Bf3 d2 62. Rf7+ Kb8 63. Rxb7+ Kc8 64. Rf7 d1=Q 65. Bxd1 Rxd1 66. Rxf5 Kd7 67. Kg5 Kc6 68. Re5 Rg1+ 69. Kf6 Rh1 70. f5 Rh6+ 71. Kg7 Rh1 72. f6 Rg1+ 73. Kf8 Kd7 74. f7 Rg6 75. Re7+ Kc6 76. Ke8 1-0

[Event "4NCL Online Div 6 Playoff"]
[Site "online"]
[Date "2021.05.18"]
[EventDate "2021.05.18"]
[Round "9.14"]
[White "Nienaber, Kobus"]
[WhiteElo "1472"]
[WhiteTeam "Crewe BOL"]
[Black "Matthews, Adrian M S"]
[BlackElo "1883"]
[BlackTeam "MK Phoenix 3"]
[Result "1/2-1/2"]
[PlyCount "106"]

1. d4 Nf6 2. Nc3 d5 3. Nf3 g6 4. Bf4 Bg7 5. e3 O-O 6. Nb5 Na6 7. Bd3 c6 8. Nc3 Bg4 9. h3 Bxf3 10. Qxf3 Nb4 11. O-O Nxd3 12. cxd3 Re8 13. Rfd1 Nd7 14. Qg3 e5 15. dxe5 Bxe5 16. d4 Bxf4 17. Qxf4 Qe7 18. Qc7 Nf6 19. Qxe7 Rxe7 20. b4 Ne4 21. Nxe4 Rxe4 22. a4 f5 23. b5 cxb5 24. axb5 f4 25. exf4 Rxf4 26. f3 a5 27. bxa6 Rxa6 28. Rxa6 bxa6 29. Kf2 Rf6 30. Ra1 Rd6 31. Kg3 Kf7 32. Kf4 Kf6 33. h4 h6 34. g4 g5+ 35. Kg3 Ke6 36. f4 gxf4+ 37. Kxf4 Kf6 38. g5+ hxg5+ 39. hxg5+ Kg6 40. Ra5 Kf7 41. Ke5 Rg6 42. Kf5 Rd6 43. Rc5 Rd7 44. g6+ Kg7 45. Ke6 Ra7 46. Ra5 Kxg6 47. Kxd5 Kf7 48. Kc6 Ke7 49. d5 Rd7 50. Rxa6 Rd6+ 51. Kb5 Rxa6 52. Kxa6 Kd6 53. Kb6 Kxd5 1/2-1/2

[Event "4NCL Online Division 7"]
[Site "online"]
[Date "2021.01.26"]
[Round "1.11"]
[White "Kwiatkowski, Feliks J"]
[Black "Wootton, Stephen G"]
[Result "1-0"]
[WhiteElo "2271"]
[BlackElo "1591"]
[PlyCount "49"]
[EventDate "2021.01.26"]
[WhiteTeam "Kings Head"]
[BlackTeam "Wolfpack 2"]

1. e4 c5 2. Nf3 d6 3. d4 cxd4 4. Nxd4 Nf6 5. Nc3 a6 6. h3 e5 7. Nde2 h5 8. Bg5
Be7 9. Bxf6 Bxf6 10. Qd3 O-O 11. O-O-O Be6 12. Kb1 Nc6 13. Qf3 h4 14. g3 Nd4
15. Nxd4 exd4 16. Nd5 Bxd5 17. exd5 Qb6 18. Bd3 Qd8 19. gxh4 Bxh4 20. Qh5 g6
21. Bxg6 fxg6 22. Qxg6+ Kh8 23. Qh6+ Kg8 24. Rhg1+ Kf7 25. Qe6# 1-0

[Event "4NCL Online Division 7"]
[Site "online"]
[Date "2021.01.26"]
[Round "1.12"]
[White "Pratley, Ian"]
[Black "Ward, Julian T"]
[Result "0-1"]
[WhiteElo "1571"]
[BlackElo "2151"]
[PlyCount "46"]
[EventDate "2021.01.26"]
[WhiteTeam "Wolfpack 2"]
[BlackTeam "Kings Head"]

1. b4 e5 2. Bb2 d6 3. e3 Nf6 4. Nf3 g6 5. Be2 Bg7 6. O-O O-O 7. d3 Nbd7 8. Nbd2
Qe7 9. a3 Re8 10. e4 c6 11. Nc4 Nh5 12. Rb1 d5 13. exd5 cxd5 14. Ncd2 e4 15.
dxe4 Bxb2 16. Rxb2 dxe4 17. Ne1 Nf4 18. Nc4 Ne5 19. c3 Rd8 20. Qc2 Nfd3 21.
Bxd3 exd3 22. Nxd3 Nxc4 23. Ra2 Bf5 0-1

[Event "4NCL Online Division 7"]
[Site "online"]
[Date "2021.01.26"]
[Round "1.13"]
[White "Mackenzie, Colin"]
[Black "Vernon, Colin G"]
[Result "1-0"]
[WhiteElo "2046"]
[BlackElo "1386"]
[PlyCount "75"]
[EventDate "2021.01.26"]
[WhiteTeam "Kings Head"]
[BlackTeam "Wolfpack 2"]

1. c4 c5 2. Nc3 Nc6 3. g3 g6 4. Bg2 Bg7 5. a3 Nf6 6. Rb1 O-O 7. b4 d6 8. b5 Ne5
9. d3 Qc7 10. Nh3 Bxh3 11. Bxh3 e6 12. Bg2 Rfd8 13. O-O d5 14. cxd5 exd5 15.
Bg5 d4 16. Bxf6 Bxf6 17. Nd5 Qd6 18. Nxf6+ Qxf6 19. Bxb7 Rab8 20. Bg2 h5 21. h4
Ng4 22. Qc1 Qe5 23. Rb2 Nf6 24. a4 Nd5 25. Bxd5 Qxd5 26. a5 Rb7 27. Qc4 Qd6 28.
Rfb1 Rdb8 29. b6 axb6 30. Qa6 Qd8 31. Rxb6 Rxb6 32. Rxb6 Ra8 33. Qb5 Qe7 34.
Rb8+ Rxb8 35. Qxb8+ Kg7 36. a6 Qxe2 37. a7 Qd1+ 38. Kg2 1-0

[Event "4NCL Online Division 7"]
[Site "online"]
[Date "2021.01.26"]
[Round "1.14"]
[White "Braithwaite, Paul"]
[Black "Thatte, Nishchal"]
[Result "0-1"]
[WhiteElo "1202"]
[BlackElo "1966"]
[PlyCount "76"]
[EventDate "2021.01.26"]
[WhiteTeam "Wolfpack 2"]
[BlackTeam "Kings Head"]

1. e4 e6 2. Nf3 d5 3. exd5 exd5 4. Be2 Bd6 5. O-O Ne7 6. d4 Nbc6 7. Nc3 a6 8.
a3 Bf5 9. h3 Qd7 10. Nh4 Be6 11. Nf3 f6 12. Re1 g5 13. Nh2 O-O-O 14. Bg4 Bxg4
15. Qxg4 Qxg4 16. Nxg4 Nxd4 17. Ne3 Bf4 18. Rd1 Bxe3 19. fxe3 Nxc2 20. Rb1 d4
21. exd4 Nxd4 22. Be3 Nef5 23. Bxd4 Nxd4 24. Rf1 f5 25. Kh1 f4 26. Rf2 Rhe8 27.
Rbf1 Nf5 28. Kh2 Ne3 29. Rc1 c6 30. g3 fxg3+ 31. Kxg3 h5 32. Re2 Nf5+ 33. Kh2
Rxe2+ 34. Nxe2 Rd2 35. Re1 Nd4 36. Kh1 Rxe2 37. Rg1 Nf3 38. Rf1 Rh2# 0-1

[Event "4NCL Online Division 7"]
[Site "online"]
[Date "2021.01.26"]
[Round "1.21"]
[White "Patel, Sen"]
[Black "Toczek, Grzegorz"]
[Result "0-1"]
[WhiteElo "1620"]
[BlackElo "2307"]
[PlyCount "82"]
[EventDate "2021.01.26"]
[WhiteTeam "KCJS 2"]
[BlackTeam "Newport"]

1. e4 g6 2. d4 Bg7 3. Nf3 c5 4. c3 cxd4 5. cxd4 d5 6. exd5 Nf6 7. Nc3 O-O 8.
Bc4 Nbd7 9. O-O Nb6 10. Bb3 Nbxd5 11. Re1 b6 12. Bg5 Nxc3 13. bxc3 Bb7 14. Qd3
Qc7 15. Rac1 e6 16. Ne5 Rad8 17. Qh3 Rde8 18. Ba4 Rd8 19. Qh4 Nd5 20. Bxd8 Rxd8
21. Qg3 Bh6 22. Rc2 Bf4 23. Qh4 g5 24. Qh3 Nf6 25. g3 Bxe5 26. Rxe5 h6 27. f4
Qc4 28. Qxh6 Nh7 29. Rxg5+ Nxg5 30. Qxg5+ Kh7 31. Qxd8 Qxa4 32. Re2 Qd1+ 33.
Kf2 Qh1 34. Qh4+ Kg7 35. Re5 Qf3+ 36. Ke1 Qxc3+ 37. Kf1 Ba6+ 38. Kg2 Qd2+ 39.
Kh3 Bf1+ 40. Kg4 Qd1+ 41. Kg5 f6# 0-1

[Event "4NCL Online Division 7"]
[Site "online"]
[Date "2021.01.26"]
[Round "1.22"]
[White "Rakos, Adam"]
[Black "Patel, Zain"]
[Result "1-0"]
[WhiteElo "2157"]
[BlackElo "1444"]
[PlyCount "149"]
[EventDate "2021.01.26"]
[WhiteTeam "Newport"]
[BlackTeam "KCJS 2"]

1. d4 Nf6 2. Nf3 d6 3. Nbd2 g6 4. e4 Bg7 5. Bd3 O-O 6. O-O e5 7. dxe5 dxe5 8.
Nxe5 Nxe4 9. Nxf7 Nxf2 10. Rxf2 Rxf7 11. Bc4 Bd4 12. Bxf7+ Kg7 13. Qf3 Qe7 14.
Bc4 Bg4 15. Qe4 Qf6 16. Nf3 Bxf2+ 17. Kxf2 Bxf3 18. gxf3 Nd7 19. Be3 Qd6 20.
Qd4+ Qxd4 21. Bxd4+ Kh6 22. Re1 Rf8 23. Re7 Nf6 24. Bxf6 Rxf6 25. Rxc7 Rb6 26.
b3 a5 27. Bg8 Rd6 28. Rxh7+ Kg5 29. Ke3 Rd8 30. Bc4 b6 31. h4+ Kf6 32. f4 Kf5
33. Kf3 Rf8 34. Rf7+ Rxf7 35. Bxf7 b5 36. a4 bxa4 37. bxa4 g5 38. fxg5 Ke5 39.
h5 Kf5 40. g6 Kf6 41. h6 Kg5 42. g7 Kf5 43. g8=Q Ke5 44. Qg5+ Kd6 45. Qxa5 Kc6
46. Bc4 Kb7 47. Bf1 Kb8 48. h7 Kb7 49. h8=R Kc6 50. Rh1 Kb7 51. Ke2 Kb8 52. Ke1
Kb7 53. c4 Kb8 54. Qa6 Kc7 55. Qa7+ Kc6 56. c5 Kd5 57. Bg2+ Ke6 58. c6 Kd6 59.
c7 Ke5 60. c8=N Kf4 61. Qf2+ Kg4 62. a5 Kg5 63. a6 Kg4 64. a7 Kg5 65. a8=R Kg4
66. Ra1 Kg5 67. Nb6 Kg4 68. Nc4 Kg5 69. Nd2 Kg4 70. Bf1 Kg5 71. Nf3+ Kg4 72.
Ng1 Kg5 73. Qe2 Kf4 74. Qd1 Kg3 75. Qf3# 1-0

[Event "4NCL Online Division 7"]
[Site "online"]
[Date "2021.01.26"]
[Round "1.23"]
[White "Kucukyildiz, Alp Tugrul"]
[Black "Yeo, Gareth"]
[Result "0-1"]
[WhiteElo "1421"]
[BlackElo "2133"]
[PlyCount "58"]
[EventDate "2021.01.26"]
[WhiteTeam "KCJS 2"]
[BlackTeam "Newport"]

1. e4 c5 2. c3 g6 3. d4 cxd4 4. cxd4 d5 5. exd5 Nf6 6. Nc3 Bg7 7. Nf3 Nxd5 8.
Bc4 Nb6 9. Bb3 O-O 10. Be3 Nc6 11. d5 Na5 12. O-O Bg4 13. h3 Bxf3 14. Qxf3 Nxb3
15. axb3 Bxc3 16. bxc3 Qxd5 17. Qg4 Qxb3 18. Qh4 Qxc3 19. Bd4 Qc7 20. Rfe1 Nd5
21. Be5 Qd8 22. Re4 f6 23. Qh6 fxe5 24. Rd1 e6 25. Rg4 Qf6 26. Rd3 Qxf2+ 27.
Kh2 Qf7 28. Rdg3 Ne7 29. Rf3 Qg7 0-1

[Event "4NCL Online Division 7"]
[Site "online"]
[Date "2021.01.26"]
[Round "1.31"]
[White "Cook, Philip"]
[Black "Peacock, Christopher D"]
[Result "1-0"]
[WhiteElo "2147"]
[BlackElo "1495"]
[PlyCount "53"]
[EventDate "2021.01.26"]
[WhiteTeam "Hebden Bridge 1"]
[BlackTeam "Wessex Some Stars G"]

1. d4 d5 2. Nf3 Nf6 3. g3 e6 4. Bg2 Be7 5. O-O O-O 6. c4 c6 7. Qc2 Nbd7 8. Nbd2
Re8 9. e4 Nxe4 10. Nxe4 dxe4 11. Qxe4 Nf6 12. Qe2 b6 13. Ne5 Bb7 14. Nxc6 Qc7
15. Nxe7+ Qxe7 16. Rd1 Bxg2 17. Kxg2 Qb7+ 18. Qf3 Qc7 19. b3 Rac8 20. Bg5 Nd7
21. Rac1 h6 22. Bf4 e5 23. dxe5 Nxe5 24. Qd5 Rcd8 25. Bxe5 Rxd5 26. Bxc7 Rxd1
27. Rxd1 1-0

[Event "4NCL Online Division 7"]
[Site "online"]
[Date "2021.01.26"]
[Round "1.32"]
[White "Cuthbert, Larissa"]
[Black "Eagleton, Greg T"]
[Result "0-1"]
[WhiteElo "1429"]
[BlackElo "2078"]
[PlyCount "88"]
[EventDate "2021.01.26"]
[WhiteTeam "Wessex Some Stars G"]
[BlackTeam "Hebden Bridge 1"]

1. e4 c5 2. Nf3 d6 3. d4 cxd4 4. Nxd4 Nf6 5. Nc3 a6 6. Be3 e6 7. Qd2 b5 8. Bd3
Bb7 9. f3 Be7 10. O-O-O Nbd7 11. g4 Nc5 12. Be2 O-O 13. g5 Nfd7 14. h4 b4 15.
Nb1 d5 16. exd5 Bxd5 17. Qxb4 Nd3+ 18. Bxd3 Bxb4 19. h5 Ne5 20. Bxh7+ Kxh7 21.
g6+ Kg8 22. gxf7+ Kxf7 23. h6 gxh6 24. Bxh6 Rg8 25. f4 Ng4 26. Rh3 Qf6 27. Bg5
Rxg5 28. fxg5 Qf4+ 29. Nd2 Bxd2+ 30. Kb1 Nf2 31. Rf1 Bg2 32. Rh7+ Kg8 33. Nxe6
Kxh7 34. g6+ Kg8 35. Nxf4 Bxf1 36. Nd5 Kg7 37. Nc7 Ra7 38. Ne6+ Kxg6 39. a3 Bc4
40. Nd4 Re7 41. b3 Re1+ 42. Kb2 Nd1+ 43. Ka2 Nc3+ 44. Kb2 Rb1# 0-1

[Event "4NCL Online Division 7"]
[Site "online"]
[Date "2021.01.26"]
[Round "1.33"]
[White "Clarkson, Andrew"]
[Black "Le Fevre, Stephen D"]
[Result "1-0"]
[WhiteElo "2043"]
[BlackElo "1338"]
[PlyCount "109"]
[EventDate "2021.01.26"]
[WhiteTeam "Hebden Bridge 1"]
[BlackTeam "Wessex Some Stars G"]

1. e4 c5 2. Nf3 e6 3. c4 Nc6 4. d4 cxd4 5. Nxd4 d6 6. Nc3 a6 7. Be3 Nf6 8. Be2
Be7 9. Qd2 Bd7 10. f3 Qc7 11. Rc1 O-O 12. Nd5 Qd8 13. Nxc6 Bxc6 14. Nb6 Rb8 15.
O-O Nd7 16. Nxd7 Qxd7 17. Rfd1 Qc7 18. b3 Rfd8 19. Qe1 b6 20. Qf2 Qb7 21. Rc2
Rd7 22. Rcd2 b5 23. cxb5 Bxb5 24. Bxb5 Qxb5 25. Qf1 Qxf1+ 26. Kxf1 Rc7 27. Ke2
Rbc8 28. Rd3 Rc2+ 29. R3d2 R2c6 30. g4 f6 31. Bf4 e5 32. Be3 Kf7 33. Rd5 Rc2+
34. R1d2 Rc1 35. Ra5 R8c6 36. Rb2 Bd8 37. Rxa6 Rxa6 38. Bxc1 Rc6 39. Bd2 Bb6
40. Kd3 Ke6 41. Rc2 Rxc2 42. Kxc2 d5 43. exd5+ Kxd5 44. Kd3 g6 45. h3 f5 46.
gxf5 gxf5 47. a4 e4+ 48. fxe4+ fxe4+ 49. Ke2 Bg1 50. Be3 Bh2 51. a5 Kc6 52. a6
Bc7 53. Bd4 Bd6 54. Ke3 Kc7 55. Kxe4 1-0

[Event "4NCL Online Division 7"]
[Site "online"]
[Date "2021.01.26"]
[Round "1.34"]
[White "Wright, George A"]
[Black "Shapland, David"]
[Result "0-1"]
[WhiteElo "1082"]
[BlackElo "1924"]
[PlyCount "96"]
[EventDate "2021.01.26"]
[WhiteTeam "Wessex Some Stars G"]
[BlackTeam "Hebden Bridge 1"]

1. e4 e6 2. d4 d5 3. Nd2 Nf6 4. e5 Nfd7 5. Ngf3 c5 6. c4 Nc6 7. Nb3 cxd4 8.
Nbxd4 Ndxe5 9. Nxc6 Nxf3+ 10. Qxf3 bxc6 11. Bd2 Be7 12. Be2 O-O 13. Rd1 Ba6 14.
b3 Qc7 15. Bc3 f6 16. Qh3 e5 17. Qe6+ Kh8 18. Qh3 d4 19. Bd2 Bc8 20. Qg3 Bf5
21. h4 Bd6 22. b4 e4 23. Qa3 d3 24. Bf1 a5 25. c5 Bf4 26. Qb2 axb4 27. Bxb4
Rab8 28. g3 Bxg3 29. Bh3 Be5 30. Qb3 Bxh3 31. Rxh3 Qd7 32. Rd2 Qxh3 33. Rd1 d2+
34. Rxd2 Qh1+ 35. Ke2 Qf3+ 36. Qxf3 exf3+ 37. Kxf3 Rxb4 38. Rd7 h5 39. Rd3 Rxh4
40. a3 Re8 41. Rd1 g5 42. Ra1 g4+ 43. Kg2 Rh2+ 44. Kg1 h4 45. a4 g3 46. Rf1 g2
47. Ra1 h3 48. a5 Rh1# 0-1

[Event "4NCL Online Division 7"]
[Site "online"]
[Date "2021.01.26"]
[Round "1.41"]
[White "Richards, Simon A"]
[Black "Robinson, Adam"]
[Result "0-1"]
[WhiteElo "1614"]
[BlackElo "1993"]
[PlyCount "66"]
[EventDate "2021.01.26"]
[WhiteTeam "Wantage B"]
[BlackTeam "Hackney Spice Boys"]

1. e4 c5 2. Nf3 Nc6 3. d4 cxd4 4. Nxd4 Nf6 5. Nc3 g6 6. Bc4 Bg7 7. Nf3 d6 8. h3
O-O 9. O-O a6 10. Re1 b5 11. Bd3 Bb7 12. a3 Rc8 13. Bd2 Nd7 14. Qc1 Nce5 15.
Be2 Nc5 16. Nxe5 Bxe5 17. Bf3 Ne6 18. Bg4 Rb8 19. Kh1 Nd4 20. Be3 f5 21. exf5
Nxf5 22. Qd2 Qe8 23. Rab1 Qf7 24. Rf1 Nh4 25. Rg1 h5 26. Bxh5 gxh5 27. Bh6 Qf5
28. Qg5+ Qxg5 29. Bxg5 Nxg2 30. Be3 Kh7 31. Rxg2 Rg8 32. Rbg1 Rxg2 33. Rxg2 Rg8
0-1

[Event "4NCL Online Division 7"]
[Site "online"]
[Date "2021.01.26"]
[Round "1.42"]
[White "Friel, Jamie"]
[Black "Mills, Matt"]
[Result "1-0"]
[WhiteElo "1720"]
[BlackElo "1439"]
[PlyCount "171"]
[EventDate "2021.01.26"]
[WhiteTeam "Hackney Spice Boys"]
[BlackTeam "Wantage B"]

1. d4 d5 2. Bf4 c5 3. e3 Nf6 4. Nf3 Nc6 5. c3 Qb6 6. Qc2 e6 7. Be2 Be7 8. O-O
O-O 9. Nbd2 c4 10. b3 Na5 11. Rfb1 Qc6 12. Ne5 Qe8 13. bxc4 dxc4 14. Nexc4 Nxc4
15. Nxc4 g6 16. Bh6 e5 17. Bxf8 Bxf8 18. Nxe5 b6 19. Bc4 Bf5 20. Nxf7 Bxc2 21.
Nd6+ Kg7 22. Nxe8+ Nxe8 23. Rb2 Be4 24. f3 Rc8 25. fxe4 Rxc4 26. Rb3 Nd6 27. e5
Ne4 28. Rc1 Nd2 29. Rb5 Ne4 30. Rb3 Nd2 31. Rb5 Ne4 32. Rd5 Nxc3 33. Kf1 Bb4
34. Rd7+ Kh6 35. e6 Rc8 36. e7 Re8 37. d5 Nxd5 38. Rxd5 Rxe7 39. Ke2 a5 40. Rc6
Bc5 41. Rcxc5 bxc5 42. Rxc5 Ra7 43. e4 Kg7 44. Kd3 Kf6 45. Kd4 a4 46. h4 a3 47.
Rc6+ Ke7 48. Rc3 Rd7+ 49. Ke5 Ra7 50. g4 Ra5+ 51. Kf4 h5 52. g5 Ra4 53. Rb3 Kf7
54. Ke5 Ra5+ 55. Kd6 Ra6+ 56. Kc5 Ra4 57. Rb4 Ra5+ 58. Kb6 Re5 59. Kc6 Ke6 60.
Rd4 Ke7 61. Rd7+ Ke6 62. Rd6+ Ke7 63. Rd4 Ke6 64. Ra4 Ke7 65. Rxa3 Rxe4 66. Rh3
Ra4 67. a3 Ke6 68. Kc5 Kf5 69. Kb5 Ra8 70. a4 Kg4 71. Rh1 Rb8+ 72. Kc6 Ra8 73.
Ra1 Kxh4 74. a5 Kxg5 75. Kb7 Rh8 76. a6 h4 77. a7 h3 78. Rh1 Rh7+ 79. Kb6 Rh8
80. Rxh3 Rxh3 81. a8=Q Rb3+ 82. Kc5 Rc3+ 83. Kd4 Rg3 84. Qd8+ Kh5 85. Ke4 Rg4+
86. Kf3 1-0

[Event "4NCL Online Division 7"]
[Site "online"]
[Date "2021.01.26"]
[Round "1.43"]
[White "Barker, Richard"]
[Black "Corrigan, James"]
[Result "1-0"]
[WhiteElo "1345"]
[BlackElo "1626"]
[PlyCount "93"]
[EventDate "2021.01.26"]
[WhiteTeam "Wantage B"]
[BlackTeam "Hackney Spice Boys"]

1. e4 e5 2. Nf3 Nc6 3. d4 exd4 4. Nxd4 Be7 5. Nxc6 dxc6 6. Qxd8+ Bxd8 7. Bc4 b5
8. Bb3 Ne7 9. f4 O-O 10. O-O Ng6 11. Nc3 a5 12. a4 b4 13. Ne2 c5 14. c3 Bb7 15.
cxb4 Bxe4 16. bxc5 Bd3 17. Rf2 Be7 18. Be3 Rab8 19. Nd4 Bxc5 20. Bd5 Rfe8 21.
f5 Ne5 22. Rd2 Bb4 23. Rdd1 Kf8 24. h3 Bc5 25. Kf2 Rxb2+ 26. Kg3 Rb4 27. Ne6+
fxe6 28. Bxc5+ Kf7 29. Bxe6+ Kf6 30. Bxb4 axb4 31. Kf4 c5 32. g4 h6 33. h4 Bc2
34. g5+ hxg5+ 35. hxg5+ Ke7 36. Kxe5 Bxd1 37. Rxd1 Ra8 38. f6+ gxf6+ 39. gxf6+
Kf8 40. Kf5 c4 41. Bxc4 Ra5+ 42. Bb5 Kf7 43. Rd7+ Kf8 44. Kg6 Ra8 45. Rh7 Kg8
46. Bc4+ Kf8 47. Rh8# 1-0

[Event "4NCL Online Division 7"]
[Site "online"]
[Date "2021.01.26"]
[Round "1.44"]
[White "Robinson, Joe"]
[Black "Leake, John"]
[Result "0-1"]
[WhiteElo "1488"]
[BlackElo "1303"]
[PlyCount "128"]
[EventDate "2021.01.26"]
[WhiteTeam "Hackney Spice Boys"]
[BlackTeam "Wantage B"]

1. d4 d5 2. Nc3 Nf6 3. Bf4 Nc6 4. e3 Bf5 5. Nf3 a6 6. Be2 e6 7. O-O Be7 8. Ne5
O-O 9. Nxc6 bxc6 10. Re1 c5 11. dxc5 Bxc5 12. Bd3 Bxd3 13. Qxd3 Be7 14. Rad1 c6
15. e4 d4 16. Ne2 c5 17. e5 Nh5 18. Bc1 Qd5 19. Nf4 Nxf4 20. Bxf4 Qxa2 21. Qg3
Rfe8 22. Bh6 Bf8 23. Re4 Qd5 24. Rg4 g6 25. Bf4 Bg7 26. c3 Qe4 27. f3 Qc2 28.
Rd2 Qb1+ 29. Kf2 dxc3 30. bxc3 Rad8 31. Be3 Qf5 32. Rg5 Qb1 33. Qf4 Bh6 34.
Rxd8 Rxd8 35. Qf6 Qc2+ 36. Kg3 Qd3 37. Bf4 Rd7 38. Rg4 Bxf4+ 39. Rxf4 Qxc3 40.
Kg4 Qd2 41. Kg5 Qxg2+ 42. Rg4 Qxh2 43. Rh4 Qd2+ 44. Rf4 c4 45. Kh6 Qh2+ 46. Rh4
Qd2+ 47. f4 Kf8 48. Kxh7 Qb4 49. Qh8+ Ke7 50. Kg7 Rb7 51. Qf8+ Kd7 52. Qxf7+
Qe7 53. Qxe7+ Kxe7 54. f5 gxf5 55. Rxc4 Rb5 56. Rc7+ Kd8 57. Ra7 a5 58. Kf7
Rxe5 59. Ra8+ Kd7 60. Ra7+ Kc6 61. Ra6+ Kb5 62. Ra8 f4 63. Rb8+ Ka4 64. Kf6 Re3
0-1

[Event "4NCL Online Division 7"]
[Site "online"]
[Date "2021.01.26"]
[Round "1.51"]
[White "Kanellopoulos, Panayotis"]
[Black "Gibbison, Robert"]
[Result "1-0"]
[WhiteElo "2278"]
[BlackElo "1570"]
[PlyCount "95"]
[EventDate "2021.01.26"]
[WhiteTeam "Colchester JFF A"]
[BlackTeam "Harborough Cuatro 2"]

1. c4 e5 2. g3 Nc6 3. Bg2 Nf6 4. Nc3 Bc5 5. Nf3 d6 6. O-O Nd4 7. d3 h6 8. Rb1
a6 9. b4 Nxf3+ 10. Bxf3 Ba7 11. e3 c6 12. b5 Bd7 13. bxc6 Bxc6 14. Rxb7 Bxb7
15. Bxb7 Rb8 16. Qa4+ Nd7 17. Qxa6 Qb6 18. Qxb6 Bxb6 19. Bc6 Rd8 20. Ba3 Bc5
21. Bxc5 dxc5 22. Rb1 O-O 23. Rb5 Nf6 24. Nd5 Nxd5 25. cxd5 Rd6 26. Rxc5 Rb8
27. Bb5 Rdb6 28. a4 f6 29. Kf1 Kf7 30. e4 Kg6 31. Ke2 Kg5 32. Ke3 f5 33. f4+
exf4+ 34. gxf4+ Kf6 35. e5+ Kf7 36. Rc7+ Kg8 37. d6 g5 38. Bc4+ Kh8 39. d7 Rd8
40. e6 Rb1 41. Rc8 Re1+ 42. Kf2 Rxe6 43. Rxd8+ Kg7 44. Bxe6 gxf4 45. Rg8+ Kf6
46. d8=Q+ Kxe6 47. Rg6+ Ke5 48. Qd6# 1-0

[Event "4NCL Online Division 7"]
[Site "online"]
[Date "2021.01.26"]
[Round "1.52"]
[White "Garland, Michael A snr"]
[Black "Gogia, Pranay"]
[Result "0-1"]
[WhiteElo "1510"]
[BlackElo "1753"]
[PlyCount "96"]
[EventDate "2021.01.26"]
[WhiteTeam "Harborough Cuatro 2"]
[BlackTeam "Colchester JFF A"]

1. e4 e5 2. Nf3 Nc6 3. Bc4 Nf6 4. Ng5 d5 5. exd5 Nxd5 6. Nxf7 Kxf7 7. Qf3+ Ke6
8. Nc3 Ncb4 9. d3 c6 10. O-O Nxc2 11. Rb1 Nd4 12. Qh3+ Kd6 13. Ne4+ Kc7 14. Qh5
Bd6 15. Bxd5 cxd5 16. Qf7+ Be7 17. Nc3 Be6 18. Qxg7 Nc6 19. b4 Qg8 20. Qh6 d4
21. Ne4 Bd5 22. f3 Bxe4 23. fxe4 Nxb4 24. Ba3 Nc6 25. Bxe7 Nxe7 26. Rbc1+ Nc6
27. Qf6 Re8 28. Rf5 Kb8 29. Qd6+ Ka8 30. Rb1 Qe6 31. Qc7 Qc8 32. Qg7 Reg8 33.
Qh6 Rg6 34. Qh5 Qg8 35. Qf3 Qxa2 36. Qf1 Rhg8 37. Rf8+ Rxf8 38. Qxf8+ Nb8 39.
Qf1 Rxg2+ 40. Qxg2 Qxb1+ 41. Kf2 Qc2+ 42. Kg1 Qxg2+ 43. Kxg2 Nc6 44. Kf2 b5 45.
Ke2 Kb7 46. Kd2 Kb6 47. Kc2 Ka5 48. Kb3 Nb4 0-1

[Event "4NCL Online Division 7"]
[Site "online"]
[Date "2021.01.26"]
[Round "1.53"]
[White "Popovici, Rees"]
[Black "Collins, RF (Bob)"]
[Result "1-0"]
[WhiteElo "1661"]
[BlackElo "1468"]
[PlyCount "101"]
[EventDate "2021.01.26"]
[WhiteTeam "Colchester JFF A"]
[BlackTeam "Harborough Cuatro 2"]

1. e4 c5 2. Nf3 d6 3. Bc4 e6 4. d4 cxd4 5. Qxd4 Nf6 6. Bg5 Be7 7. O-O O-O 8.
Nc3 a6 9. a4 Nc6 10. Qd3 Bd7 11. Rad1 Nb4 12. Qd2 Qc7 13. b3 Qb6 14. e5 dxe5
15. Bxf6 Bxf6 16. Qxd7 Rad8 17. a5 Rxd7 18. axb6 Rxd1 19. Rxd1 Rd8 20. Rc1 Nc6
21. Bd3 g6 22. Ne4 Bg7 23. Nc5 Rb8 24. Re1 a5 25. Nd7 Rd8 26. Ndxe5 Nb4 27. Be4
Rb8 28. Nd7 Rd8 29. Nc5 Rd6 30. Nxb7 Rxb6 31. Nxa5 Na6 32. Nc4 Rb8 33. h3 Nc5
34. Kf1 Rd8 35. Nfe5 Rd4 36. Bf3 Na6 37. Rd1 Rxd1+ 38. Bxd1 Nb4 39. Ke2 Nd5 40.
Kd3 Nf4+ 41. Kd4 Nd5 42. Bf3 Nb4 43. c3 Nc2+ 44. Kc5 Bf8+ 45. Kb5 f6 46. Nd7
Be7 47. b4 Kf7 48. Kc6 Ne1 49. b5 Nc2 50. b6 Nb4+ 51. Kc7 1-0